000 01097nam a2200337 a 4500
001 vtls000940270
003 NLI
005 20210627091236.0
008 111024 2011 ii a e 000 0 eng d
020 _a9788172451301 : (pbk)
_cRs.140.00
039 9 _a201112072219
_bezajulh
_y201110242139
_zezajulh
040 _aNLI
_beng
044 _aii
082 0 4 _a613.0434
_222
100 1 _aJain, Shashi
_9783621
245 1 0 _aA to Z of healthy living :
_bcommon problems & remedies /
_cShashi Jain and Manish Jain
260 _aNew Delhi :
_bGoodwill Pub.,
_c2011
300 _avi, 258 p. :
_bill. ;
_c22 cm.
650 0 _aHealth
_9679146
650 0 _aNutrition
_9677375
650 0 _aPhysical fitness
_9676733
700 1 _aJain, Manish,
_4jt. aut
_9839126
887 _aE. Haque
901 _aDB123811 :
_b07.05.11
902 _aE 613.0434 J 199 a
904 _aE. Haque
949 _AVIRTUAITEM
_D10000
_X100
_6DBA000123811ENG
942 _2ddc
_cBKS
999 _aVIRTUA
_c763577
_d763577
999 _aVTLSSORT0080*0200*0400*0440*0820*1000*2450*2600*3000*6500*6501*6502*7000*8520*9010*9020*9040*9992